Loading...
| Literature - American | 0 | 6 | 0 | 1 | 60 | 97 | 131.33 | 0 | 1 | 0.00 | 0.00 |
| Fine Arts - Painting and Sculpture | 0 | 5 | 0 | 1 | 50 | 96 | 110.60 | 0 | 2 | 0.00 | 0.00 |
| Literature - European | 0 | 5 | 0 | 1 | 50 | 69 | 104.00 | 0 | 3 | 0.00 | 0.00 |
| Literature - British | 0 | 4 | 0 | 0 | 40 | 91 | 106.50 | 0 | 1 | 0.00 | 0.00 |
| Philosophy | 0 | 4 | 0 | 0 | 40 | 84 | 110.75 | 1 | 3 | 0.00 | 0.00 |
| Literature - World | 0 | 4 | 2 | 0 | 30 | 113 | 123.75 | 1 | 1 | 0.00 | 0.00 |
| Fine Arts - Classical Music | 0 | 4 | 3 | 0 | 25 | 98 | 121.50 | 0 | 2 | 0.00 | 0.00 |
| Social Science | 0 | 2 | 0 | 0 | 20 | 106 | 112.00 | 0 | 1 | 0.00 | 0.00 |
| History - American | 0 | 2 | 0 | 0 | 20 | 119 | 120.50 | 0 | 0 | 0.00 | 0.00 |
| Fine Arts - Other | 0 | 2 | 0 | 1 | 20 | 132 | 135.50 | 0 | 0 | 0.00 | 0.00 |
| Religion | 0 | 3 | 2 | 1 | 20 | 108 | 129.00 | 0 | 1 | 0.00 | 0.00 |
| Science - Physics | 0 | 1 | 0 | 0 | 10 | 122 | 122.00 | 0 | 0 | 0.00 | 0.00 |
| History - World | 0 | 1 | 0 | 1 | 10 | 121 | 121.00 | 0 | 0 | 0.00 | 0.00 |
| Other Academic | 0 | 1 | 0 | 0 | 10 | 125 | 125.00 | 0 | 0 | 0.00 | 0.00 |
| Mythology | 0 | 2 | 3 | 1 | 5 | 133 | 139.50 | 0 | 0 | 0.00 | 0.00 |
| Science - Other | 0 | 0 | 0 | 0 | 0 | 0.00 | 0 | 0 | 0.00 | 0.00 |